000 00781cam a22002531 4500
001 af 49000172
003 DLC
005 20260227110914.0
008 851126s1946 it 000 0 ita c
010 _aaf 49000172
035 _a(OCoLC)12851264
040 _aWisconsin. Univ. Libr.
_cCLU
_dDLC
041 1 _aita
_hspa
042 _apremarc
050 0 0 _aHX40
_b.V25
082 _a335.0904
100 1 _aValiani, Leo,
_d1909-1999.
245 0 0 _aStoria del socialismo nel secolo XX (1900-1944)
_bSaggio critico.
_c[Ritradotto dallo spagnolo di Giulia Gentili]
260 _aRoma,
_bEdizioni U,
_c1945 [i.e. 1946]
300 _a301 p.
_c20 cm.
440 0 _aCollezione Giustizia e libertà,
_v5
650 0 _aSocialism
_xHistory
_y20th century.
700 1 _aGentili, Giulia,
_etr.
999 _c6512
_d6512